| 000 | 01006cam a22002411i 4500 | ||
|---|---|---|---|
| 003 | SA-RiAUC | ||
| 005 | 20260221115751.0 | ||
| 008 | 260203s1941 ||| g 000 0 ara c | ||
| 040 |
_aEG-CaDAJ _bara _cSA-RiAUC _erda |
||
| 082 | 0 | 4 |
_a233.1 _qSA-RiAUC |
| 090 |
_aم ن 233.1 _bك و ث |
||
| 100 | 1 |
_aالكوثري، محمد زاهد بن الحسن، _d1879-1952 _eمؤلف. |
|
| 245 | 1 | 2 |
_aالتحرير الوجيز فيما يبتغيه المستجير / _cمحمد زاهد بن الحسن الكوثري. |
| 264 | 1 |
_a[مكان النشر غير محدد] : _b[الناشر غير محدد]، _c[1941] |
|
| 264 | 3 |
_a[مكان الطبع غير محدد] : _bمطبعة الأنوار |
|
| 300 |
_a47 صفحة ؛ _c29 سم |
||
| 336 |
_aنص _btxt _2rdacontent _3كتاب |
||
| 337 |
_aبدون وسيط _bn _2rdamedia |
||
| 338 |
_aمجلد _bnc _2rdacarrier |
||
| 650 | 7 |
_aالإجازة (علم الحديث) _2aucsh |
|
| 942 |
_2ddc _cRBOOK COPY _n0 |
||
| 949 |
_aSA-JeALM _d260203 _umohamedma123 _n1 |
||
| 999 |
_c14427 _d14427 |
||